Introduction to Fintech (Record no. 13298)

MARC details
000 -LEADER
fixed length control field 00415nam a22001817a 4500
003 - CONTROL NUMBER IDENTIFIER
control field OSt
008 - FIXED-LENGTH DATA ELEMENTS--GENERAL INFORMATION
fixed length control field 250416b |||||||| |||| 00| 0 eng d
020 ## - INTERNATIONAL STANDARD BOOK NUMBER
International Standard Book Number 9789361594687
082 ## - DEWEY DECIMAL CLASSIFICATION NUMBER
Classification number 332 CHI
100 ## - MAIN ENTRY--PERSONAL NAME
Personal name CHAVAN,Chandrahauns
245 ## - TITLE STATEMENT
Title Introduction to Fintech
250 ## - EDITION STATEMENT
Edition statement 1st IMP
260 ## - PUBLICATION, DISTRIBUTION, ETC. (IMPRINT)
Place of publication, distribution, etc New Delhi
Name of publisher, distributor, etc Pearson2025
300 ## - PHYSICAL DESCRIPTION
Extent 283
650 ## - SUBJECT ADDED ENTRY--TOPICAL TERM
Topical term or geographic name as entry element Fintech
700 ## - ADDED ENTRY--PERSONAL NAME
Personal name PATANKAR,Atul
942 ## - ADDED ENTRY ELEMENTS (KOHA)
Source of classification or shelving scheme Dewey Decimal Classification
Koha item type Text Books
Holdings
Withdrawn status Lost status Source of classification or shelving scheme Damaged status Not for loan Collection code Home library Current library Date acquired Source of acquisition Currency Cost, normal purchase price Bill Number Total Checkouts Full call number Acc. no. / Barcode Date last seen Actual Cost, discounted price Bill Date Koha item type Date last borrowed
    Dewey Decimal Classification     MBA PIET C-LIBRARY PIET C-LIBRARY 04/04/2025 Zaffa Books INR 530.00 ZBD0013   332 CHI 39064 16/04/2025 360.40 25/03/2025 Reference Books  
    Dewey Decimal Classification     MBA PIET C-LIBRARY PIET C-LIBRARY 04/04/2025 Zaffa Books INR 530.00 ZBD0013   332 CHI 39065 16/04/2025 360.40 25/03/2025 Text Books  
    Dewey Decimal Classification     MBA PIET C-LIBRARY PIET C-LIBRARY 04/04/2025 Zaffa Books INR 530.00 ZBD0013   332 CHI 39066 16/04/2025 360.40 25/03/2025 Text Books  
    Dewey Decimal Classification     MBA PIET C-LIBRARY PIET C-LIBRARY 04/04/2025 Zaffa Books INR 530.00 ZBD0013 2 332 CHI 39067 26/11/2025 360.40 25/03/2025 Text Books 21/11/2025
    Dewey Decimal Classification     MBA PIET C-LIBRARY PIET C-LIBRARY 04/04/2025 Zaffa Books INR 530.00 ZBD0013   332 CHI 39068 16/04/2025 360.40 25/03/2025 Text Books  

Design & Developed by: PIET Central Library
R70 Miles Stone Pattikalyana Samalkha Panipat 132102
mail ID :- [email protected], Phone No:- 0180-2569700 Ex.216